Теоретические основы гаражных автосервисов (Запись № 11570385)

Подробности
000 -МАРКЕР
контрольное поле 01810nam1a2200265 i 4500
001 - ИДЕНТИФИКАТОР ЗАПИСИ
контрольное поле RU\NLR\BIBL_A\011131528
005 - ИДЕНТИФИКАТОР ВЕРСИИ
контрольное поле 20260531112020.0
035 ## - ДРУГИЕ СИСТЕМНЫЕ НОМЕРА
Идентификатор записи (NLR Aleph) 011131528
100 ## - ДАННЫЕ ОБЩЕЙ ОБРАБОТКИ
Данные общей обработки 20160510g20169999um y0rusy50 ca
101 0# - ЯЗЫК РЕСУРСА
Язык текста, звукозаписи и т.д. русский
102 ## - СТРАНА ПУБЛИКАЦИИ ИЛИ ПРОИЗВОДСТВА
Страна публикации Российская Федерация
105 ## - ПОЛЕ КОДИРОВАННЫХ ДАННЫХ: ТЕКСТОВЫЕ МАТЕРИАЛЫ, МОНОГРАФИЧЕСКИЕ
Кодированные данные о монографическом текстовом документе ||||j||||||||
200 1# - ЗАГЛАВИЕ И СВЕДЕНИЯ ОБ ОТВЕТСТВЕННОСТИ
Основное заглавие Теоретические основы гаражных автосервисов
Сведения, относящиеся к заглавию учебник для бакалавров и магистров, обучающихся по направлениям 23.03.03 "Эксплуатация транспортно-технологических машин и комплексов", 40.03.01 "Юриспруденция"
-- [учебник для вузов]
Первые сведения об ответственности П.В. Шарупич
Последующие сведения об ответственности О-во с огранич. ответственностью "Патент", Междунар. науч.-исслед. и проект. ин-т гараж. автосервисов "МНИПИГАС", Науч.-исслед. и проект. ин-т по созданию гор. и пром. объектов выращивания, хранения и перераб. плодоовощ. продукции "Градоагроэкопром"
205 ## - СВЕДЕНИЯ ОБ ИЗДАНИИ
Сведения об издании Изд. 2-е
210 ## - ПУБЛИКАЦИЯ, РАСПРОСТРАНЕНИЕ И ДР.
Место издания, распространения и т.д. Орел
Имя издателя, распространителя и т. д. Патент
-- Град-РИЦ
Дата издания, распространения и т.д. 2016
215 ## - ФИЗИЧЕСКАЯ ХАРАКТЕРИСТИКА
Размеры 23
225 1# - СЕРИЯ
Основное заглавие серии Международное автосервисное образование
606 ## - НАИМЕНОВАНИЕ ТЕМЫ КАК ПРЕДМЕТ
Наименование темы Станции технического обслуживания автомобилей
Формальный подзаголовок Учебники для высших учебных заведений
Системный номер авторитетной/нормативной записи 1043937
Идентификатор авторитетной/нормативной записи RU\NLR\AUTH\6684424
686 1# - ИНДЕКСЫ ДРУГИХ КЛАССИФИКАЦИЙ
Индекс О33-082.05-4я73-1
700 #1 - ИМЯ ЛИЦА - ПЕРВИЧНАЯ ОТВЕТСТВЕННОСТЬ
Начальный элемент ввода Шарупич
Часть имени, кроме начального элемента ввода П. В.
Расширение инициалов личного имени Павел Вадимович
852 ## - МЕСТОНАХОЖДЕНИЕ И ШИФР ХРАНЕНИЯ
Идентификатор организации NLR
Шифр хранения (Call Number) 2016-5/3503
942 ## - ДОПОЛНИТЕЛЬНЫЕ ЭЛЕМЕНТЫ ЗАПИСИ (АБИС)
Тип экземпляра АБИС Книга

Нет доступных экземпляров.